00769nam a22002177a 450000500170000001000310001702000260004803500130007403500180008703700130010503700270011808200060014510000190015124501850017026000300035527000810038530000270046670000240049370000170051770000170053420100723145225.0 aENG-96545 B-423941-953 a9789380283937c295.00 aEN-80078 a B-423941-953 bDBAD/PUB bResearchco Book Centre aS aCanfield, Jack aChicken soup for the soul older and wiser:cby Jack Canfield [and] Mark Victor Hansen; edited by Amy Newmarkbstories of inspiration humor, and wisdom about life at a certain age / aNew DelhibWestlandc2008 aTenkat Towers, Old No. 307, P. H. Road, Maduravoyal, Chennai-600095bChennai axii, 411p.c21cm (pbk) aHansen, Mark Victor aNewmark, amy aNewmark, Amy